Lịch sử Đảng

Đã lưu trong:
书目详细资料
格式: 图书
语言:Undetermined
出版: Hà Nội Học viện Chính trị Quốc gia Hồ Chí Minh 2019
主题:
标签: 添加标签
没有标签, 成为第一个标记此记录!
Thư viện lưu trữ: Trung tâm Học liệu Trường Đại học Cần Thơ
LEADER 00584nam a2200181Ia 4500
001 CTU_233749
008 210402s9999 xx 000 0 und d
082 |a 324 
082 |b L302 
245 0 |a Lịch sử Đảng 
245 0 |c Học viện Chính trị Quốc gia Hồ Chí Minh 
260 |a Hà Nội 
260 |b Học viện Chính trị Quốc gia Hồ Chí Minh 
260 |c 2019 
650 |a Communist parties,Đảng cộng sản 
650 |z Vietnam,Việt Nam 
904 |i T.Trang 
980 |a Trung tâm Học liệu Trường Đại học Cần Thơ